Every NBA Player to Average 20+ PPG since 2010 - Statistics

General Stats
  • This quiz has been taken 103 times
  • The average score is 401 of 444
Answer Stats
Year Team PPG Player % Correct
2010-11 MIA 25.5 Dwyane Wade
100%
2011-12 MIA 22.1 Dwyane Wade
100%
2012-13 MIA 21.2 Dwyane Wade
100%
2014-15 MIA 21.5 Dwyane Wade
100%
2012-13 HOU 25.9 James Harden
100%
2013-14 HOU 25.4 James Harden
100%
2014-15 HOU 27.4 James Harden
100%
2015-16 HOU 29.0 James Harden
100%
2016-17 HOU 29.1 James Harden
100%
2017-18 HOU 30.4 James Harden
100%
2018-19 HOU 36.1 James Harden
100%
2019-20 HOU 34.3 James Harden
100%
2020-21 HOU/BRK 24.6 James Harden
100%
2021-22 BRK/PHI 22.0 James Harden
100%
2022-23 PHI 21.0 James Harden
100%
2024-25 LAC 22.8 James Harden
100%
2010-11 OKC 27.7 Kevin Durant
100%
2011-12 OKC 28.0 Kevin Durant
100%
2012-13 OKC 28.1 Kevin Durant
100%
2013-14 OKC 32.0 Kevin Durant
100%
2015-16 OKC 28.2 Kevin Durant
100%
2016-17 GSW 25.1 Kevin Durant
100%
2017-18 GSW 26.4 Kevin Durant
100%
2018-19 GSW 26.0 Kevin Durant
100%
2021-22 BRK 29.9 Kevin Durant
100%
2022-23 BRK/PHO 29.1 Kevin Durant
100%
2024-25 PHO 26.6 Kevin Durant
100%
2010-11 LAL 25.3 Kobe Bryant
100%
2011-12 LAL 27.9 Kobe Bryant
100%
2012-13 LAL 27.3 Kobe Bryant
100%
2012-13 CLE 22.5 Kyrie Irving
100%
2013-14 CLE 20.8 Kyrie Irving
100%
2014-15 CLE 21.7 Kyrie Irving
100%
2016-17 CLE 25.2 Kyrie Irving
100%
2017-18 BOS 24.4 Kyrie Irving
100%
2018-19 BOS 23.8 Kyrie Irving
100%
2020-21 BRK 26.9 Kyrie Irving
100%
2022-23 BRK/DAL 27.1 Kyrie Irving
100%
2023-24 DAL 25.6 Kyrie Irving
100%
2024-25 DAL 24.7 Kyrie Irving
100%
2010-11 MIA 26.7 LeBron James
100%
2011-12 MIA 27.1 LeBron James
100%
2012-13 MIA 26.8 LeBron James
100%
2013-14 MIA 27.1 LeBron James
100%
2014-15 CLE 25.3 LeBron James
100%
2015-16 CLE 25.3 LeBron James
100%
2016-17 CLE 26.4 LeBron James
100%
2017-18 CLE 27.5 LeBron James
100%
2018-19 LAL 27.4 LeBron James
100%
2019-20 LAL 25.3 LeBron James
100%
2020-21 LAL 25.0 LeBron James
100%
2021-22 LAL 30.3 LeBron James
100%
2022-23 LAL 28.9 LeBron James
100%
2023-24 LAL 25.7 LeBron James
100%
2024-25 LAL 24.4 LeBron James
100%
2012-13 GSW 22.9 Stephen Curry
100%
2013-14 GSW 24.0 Stephen Curry
100%
2014-15 GSW 23.8 Stephen Curry
100%
2015-16 GSW 30.1 Stephen Curry
100%
2016-17 GSW 25.3 Stephen Curry
100%
2017-18 GSW 26.4 Stephen Curry
100%
2018-19 GSW 27.3 Stephen Curry
100%
2020-21 GSW 32.0 Stephen Curry
100%
2021-22 GSW 25.5 Stephen Curry
100%
2022-23 GSW 29.4 Stephen Curry
100%
2023-24 GSW 26.4 Stephen Curry
100%
2024-25 GSW 24.5 Stephen Curry
100%
2010-11 DEN/NYK 25.6 Carmelo Anthony
99%
2011-12 NYK 22.6 Carmelo Anthony
99%
2012-13 NYK 28.7 Carmelo Anthony
99%
2013-14 NYK 27.4 Carmelo Anthony
99%
2015-16 NYK 21.8 Carmelo Anthony
99%
2016-17 NYK 22.4 Carmelo Anthony
99%
2016-17 MIL 22.4 Giannis Antetokounmpo
99%
2017-18 MIL 26.9 Giannis Antetokounmpo
99%
2018-19 MIL 27.7 Giannis Antetokounmpo
99%
2019-20 MIL 29.5 Giannis Antetokounmpo
99%
2020-21 MIL 28.1 Giannis Antetokounmpo
99%
2021-22 MIL 29.9 Giannis Antetokounmpo
99%
2022-23 MIL 31.1 Giannis Antetokounmpo
99%
2023-24 MIL 30.4 Giannis Antetokounmpo
99%
2024-25 MIL 30.4 Giannis Antetokounmpo
99%
2016-17 MIN 25.1 Karl-Anthony Towns
99%
2017-18 MIN 21.3 Karl-Anthony Towns
99%
2018-19 MIN 24.4 Karl-Anthony Towns
99%
2019-20 MIN 26.5 Karl-Anthony Towns
99%
2020-21 MIN 24.8 Karl-Anthony Towns
99%
2021-22 MIN 24.6 Karl-Anthony Towns
99%
2023-24 MIN 21.8 Karl-Anthony Towns
99%
2024-25 NYK 24.4 Karl-Anthony Towns
99%
2015-16 SAS 21.2 Kawhi Leonard
99%
2016-17 SAS 25.5 Kawhi Leonard
99%
2018-19 TOR 26.6 Kawhi Leonard
99%
2019-20 LAC 27.1 Kawhi Leonard
99%
2020-21 LAC 24.8 Kawhi Leonard
99%
2022-23 LAC 23.8 Kawhi Leonard
99%
2023-24 LAC 23.7 Kawhi Leonard
99%
2014-15 GSW 21.7 Klay Thompson
99%
2015-16 GSW 22.1 Klay Thompson
99%
2016-17 GSW 22.1 Klay Thompson
99%
2017-18 GSW 20.0 Klay Thompson
99%
2018-19 GSW 21.4 Klay Thompson
99%
2022-23 GSW 21.9 Klay Thompson
99%
2018-19 DEN 20.1 Nikola Jokic
99%
2020-21 DEN 26.4 Nikola Jokic
99%
2021-22 DEN 27.1 Nikola Jokic
99%
2022-23 DEN 24.5 Nikola Jokic
99%
2023-24 DEN 26.4 Nikola Jokic
99%
2024-25 DEN 29.6 Nikola Jokic
99%
2010-11 OKC 21.9 Russell Westbrook
99%
2011-12 OKC 23.6 Russell Westbrook
99%
2012-13 OKC 23.2 Russell Westbrook
99%
2013-14 OKC 21.8 Russell Westbrook
99%
2014-15 OKC 28.1 Russell Westbrook
99%
2015-16 OKC 23.5 Russell Westbrook
99%
2016-17 OKC 31.6 Russell Westbrook
99%
2017-18 OKC 25.4 Russell Westbrook
99%
2018-19 OKC 21.5 Russell Westbrook
99%
2019-20 HOU 27.2 Russell Westbrook
99%
2020-21 WAS 22.2 Russell Westbrook
99%
2013-14 NOP 20.8 Anthony Davis
97%
2014-15 NOP 24.4 Anthony Davis
97%
2015-16 NOP 24.3 Anthony Davis
97%
2016-17 NOP 28.0 Anthony Davis
97%
2017-18 NOP 28.1 Anthony Davis
97%
2018-19 NOP 25.9 Anthony Davis
97%
2019-20 LAL 26.1 Anthony Davis
97%
2022-23 LAL 25.9 Anthony Davis
97%
2023-24 LAL 24.7 Anthony Davis
97%
2024-25 LAL/DAL 24.7 Anthony Davis
97%
2013-14 POR 20.7 Damian Lillard
97%
2014-15 POR 21.0 Damian Lillard
97%
2015-16 POR 25.1 Damian Lillard
97%
2016-17 POR 27.0 Damian Lillard
97%
2017-18 POR 26.9 Damian Lillard
97%
2018-19 POR 25.8 Damian Lillard
97%
2019-20 POR 30.0 Damian Lillard
97%
2020-21 POR 28.8 Damian Lillard
97%
2022-23 POR 32.2 Damian Lillard
97%
2023-24 MIL 24.3 Damian Lillard
97%
2024-25 MIL 24.9 Damian Lillard
97%
2016-17 PHO 21.9 Devin Booker
97%
2017-18 PHO 24.9 Devin Booker
97%
2018-19 PHO 26.6 Devin Booker
97%
2019-20 PHO 26.6 Devin Booker
97%
2020-21 PHO 25.6 Devin Booker
97%
2021-22 PHO 26.8 Devin Booker
97%
2022-23 PHO 27.8 Devin Booker
97%
2023-24 PHO 27.1 Devin Booker
97%
2024-25 PHO 25.6 Devin Booker
97%
2021-22 MEM 27.4 Ja Morant
97%
2022-23 MEM 26.2 Ja Morant
97%
2024-25 MEM 23.2 Ja Morant
97%
2019-20 BOS 20.3 Jaylen Brown
97%
2020-21 BOS 24.7 Jaylen Brown
97%
2021-22 BOS 23.6 Jaylen Brown
97%
2022-23 BOS 26.6 Jaylen Brown
97%
2023-24 BOS 23.0 Jaylen Brown
97%
2024-25 BOS 22.2 Jaylen Brown
97%
2019-20 BOS 23.4 Jayson Tatum
97%
2020-21 BOS 26.4 Jayson Tatum
97%
2021-22 BOS 26.9 Jayson Tatum
97%
2022-23 BOS 30.1 Jayson Tatum
97%
2023-24 BOS 26.9 Jayson Tatum
97%
2024-25 BOS 26.8 Jayson Tatum
97%
2018-19 DAL 21.2 Luka Doncic
97%
2019-20 DAL 28.8 Luka Doncic
97%
2020-21 DAL 27.7 Luka Doncic
97%
2021-22 DAL 28.4 Luka Doncic
97%
2022-23 DAL 32.4 Luka Doncic
97%
2023-24 DAL 33.9 Luka Doncic
97%
2024-25 DAL/LAL 28.2 Luka Doncic
97%
2019-20 ATL 29.6 Trae Young
97%
2020-21 ATL 25.3 Trae Young
97%
2021-22 ATL 28.4 Trae Young
97%
2022-23 ATL 26.2 Trae Young
97%
2023-24 ATL 25.7 Trae Young
97%
2024-25 ATL 24.2 Trae Young
97%
2022-23 IND 20.7 Tyrese Haliburton
97%
2023-24 IND 20.1 Tyrese Haliburton
97%
2021-22 MIN 21.3 Anthony Edwards
96%
2022-23 MIN 24.6 Anthony Edwards
96%
2023-24 MIN 25.9 Anthony Edwards
96%
2024-25 MIN 27.6 Anthony Edwards
96%
2016-17 WAS 23.1 Bradley Beal
96%
2017-18 WAS 22.6 Bradley Beal
96%
2018-19 WAS 25.6 Bradley Beal
96%
2019-20 WAS 30.5 Bradley Beal
96%
2020-21 WAS 31.3 Bradley Beal
96%
2022-23 WAS 23.2 Bradley Beal
96%
2013-14 TOR 22.7 DeMar DeRozan
96%
2014-15 TOR 20.1 DeMar DeRozan
96%
2015-16 TOR 23.5 DeMar DeRozan
96%
2016-17 TOR 27.3 DeMar DeRozan
96%
2017-18 TOR 23.0 DeMar DeRozan
96%
2018-19 SAS 21.2 DeMar DeRozan
96%
2019-20 SAS 22.1 DeMar DeRozan
96%
2020-21 SAS 21.6 DeMar DeRozan
96%
2021-22 CHI 27.9 DeMar DeRozan
96%
2022-23 CHI 24.5 DeMar DeRozan
96%
2023-24 CHI 24.0 DeMar DeRozan
96%
2024-25 SAC 22.2 DeMar DeRozan
96%
2022-23 NYK 24.0 Jalen Brunson
96%
2023-24 NYK 28.7 Jalen Brunson
96%
2024-25 NYK 26.0 Jalen Brunson
96%
2022-23 HOU 22.1 Jalen Green
96%
2024-25 HOU 21.0 Jalen Green
96%
2017-18 PHI 22.9 Joel Embiid
96%
2018-19 PHI 27.5 Joel Embiid
96%
2019-20 PHI 23.0 Joel Embiid
96%
2020-21 PHI 28.5 Joel Embiid
96%
2021-22 PHI 30.6 Joel Embiid
96%
2022-23 PHI 33.1 Joel Embiid
96%
2013-14 IND 21.7 Paul George
96%
2015-16 IND 23.1 Paul George
96%
2016-17 IND 23.7 Paul George
96%
2017-18 OKC 21.9 Paul George
96%
2018-19 OKC 28.0 Paul George
96%
2019-20 LAC 21.5 Paul George
96%
2020-21 LAC 23.3 Paul George
96%
2022-23 LAC 23.8 Paul George
96%
2023-24 LAC 22.6 Paul George
96%
2021-22 OKC 24.5 Shai Gilgeous-Alexander
96%
2022-23 OKC 31.4 Shai Gilgeous-Alexander
96%
2023-24 OKC 30.1 Shai Gilgeous-Alexander
96%
2024-25 OKC 32.7 Shai Gilgeous-Alexander
96%
2021-22 SAS 21.1 Dejounte Murray
95%
2022-23 ATL 20.5 Dejounte Murray
95%
2023-24 ATL 22.5 Dejounte Murray
95%
2010-11 CHI 25.0 Derrick Rose
95%
2010-11 DAL 23.0 Dirk Nowitzki
95%
2011-12 DAL 21.6 Dirk Nowitzki
95%
2013-14 DAL 21.7 Dirk Nowitzki
95%
2017-18 UTA 20.5 Donovan Mitchell
95%
2018-19 UTA 23.7 Donovan Mitchell
95%
2019-20 UTA 24.0 Donovan Mitchell
95%
2020-21 UTA 26.4 Donovan Mitchell
95%
2021-22 UTA 25.9 Donovan Mitchell
95%
2022-23 CLE 28.3 Donovan Mitchell
95%
2023-24 CLE 26.6 Donovan Mitchell
95%
2024-25 CLE 24.0 Donovan Mitchell
95%
2020-21 DEN 21.2 Jamal Murray
95%
2022-23 DEN 20.0 Jamal Murray
95%
2023-24 DEN 21.2 Jamal Murray
95%
2024-25 DEN 21.4 Jamal Murray
95%
2021-22 CHO 20.1 LaMelo Ball
95%
2024-25 CHO 25.2 LaMelo Ball
95%
2024-25 OKC 21.6 Jalen Williams
93%
2017-18 NYK 22.7 Kristaps Porzingis
93%
2019-20 DAL 20.4 Kristaps Porzingis
93%
2020-21 DAL 20.1 Kristaps Porzingis
93%
2021-22 DAL/WAS 20.2 Kristaps Porzingis
93%
2022-23 WAS 23.2 Kristaps Porzingis
93%
2023-24 BOS 20.1 Kristaps Porzingis
93%
2020-21 NOP 27.0 Zion Williamson
93%
2023-24 NOP 22.9 Zion Williamson
93%
2010-11 LAC 22.5 Blake Griffin
92%
2011-12 LAC 20.7 Blake Griffin
92%
2013-14 LAC 24.1 Blake Griffin
92%
2014-15 LAC 21.9 Blake Griffin
92%
2015-16 LAC 21.4 Blake Griffin
92%
2016-17 LAC 21.1 Blake Griffin
92%
2017-18 LAC/DET 21.4 Blake Griffin
92%
2018-19 DET 24.5 Blake Griffin
92%
2019-20 NOP 23.8 Brandon Ingram
92%
2020-21 NOP 23.8 Brandon Ingram
92%
2021-22 NOP 22.7 Brandon Ingram
92%
2022-23 NOP 24.7 Brandon Ingram
92%
2023-24 NOP 20.8 Brandon Ingram
92%
2023-24 DET 22.7 Cade Cunningham
92%
2024-25 DET 26.1 Cade Cunningham
92%
2023-24 BRK 22.5 Cam Thomas
92%
2014-15 MIA 21.1 Chris Bosh
92%
2015-16 POR 20.8 CJ McCollum
92%
2016-17 POR 22.9 CJ McCollum
92%
2018-19 POR 20.8 CJ McCollum
92%
2019-20 POR 22.2 CJ McCollum
92%
2020-21 POR 23.1 CJ McCollum
92%
2021-22 POR 22.1 CJ McCollum
92%
2022-23 POR 20.9 CJ McCollum
92%
2023-24 NOP 20.0 CJ McCollum
92%
2024-25 NOP 21.1 CJ McCollum
92%
2021-22 CLE 21.7 Darius Garland
92%
2022-23 CLE 21.6 Darius Garland
92%
2024-25 CLE 20.6 Darius Garland
92%
2019-20 SAC 21.1 De'Aaron Fox
92%
2020-21 SAC 25.2 De'Aaron Fox
92%
2021-22 SAC 23.2 De'Aaron Fox
92%
2022-23 SAC 25.0 De'Aaron Fox
92%
2023-24 SAC 26.6 De'Aaron Fox
92%
2024-25 SAC/SAS 23.5 De'Aaron Fox
92%
2010-11 UTA/NJN 20.1 Deron Williams
92%
2011-12 NJN 21.0 Deron Williams
92%
2013-14 SAC 20.3 Isaiah Thomas
92%
2015-16 BOS 22.2 Isaiah Thomas
92%
2016-17 BOS 28.9 Isaiah Thomas
92%
2023-24 MEM 22.5 Jaren Jackson Jr.
92%
2024-25 MEM 22.2 Jaren Jackson Jr.
92%
2014-15 CHI 20.0 Jimmy Butler
92%
2015-16 CHI 20.9 Jimmy Butler
92%
2016-17 CHI 23.9 Jimmy Butler
92%
2017-18 MIN 22.2 Jimmy Butler
92%
2020-21 MIA 21.5 Jimmy Butler
92%
2021-22 MIA 21.4 Jimmy Butler
92%
2022-23 MIA 22.9 Jimmy Butler
92%
2023-24 MIA 20.8 Jimmy Butler
92%
2017-18 LAC 22.6 Lou Williams
92%
2018-19 LAC 20.0 Lou Williams
92%
2022-23 ORL 20.0 Paolo Banchero
92%
2023-24 ORL 22.6 Paolo Banchero
92%
2024-25 ORL 25.9 Paolo Banchero
92%
2021-22 MIA 20.7 Tyler Herro
92%
2022-23 MIA 20.1 Tyler Herro
92%
2023-24 MIA 20.8 Tyler Herro
92%
2024-25 MIA 23.9 Tyler Herro
92%
2022-23 PHI 20.3 Tyrese Maxey
92%
2023-24 PHI 25.9 Tyrese Maxey
92%
2024-25 PHI 26.3 Tyrese Maxey
92%
2013-14 SAC 22.7 DeMarcus Cousins
91%
2014-15 SAC 24.1 DeMarcus Cousins
91%
2015-16 SAC 26.9 DeMarcus Cousins
91%
2016-17 SAC/NOP 27.0 DeMarcus Cousins
91%
2017-18 NOP 25.2 DeMarcus Cousins
91%
2015-16 CHA 20.9 Kemba Walker
91%
2016-17 CHO 23.1 Kemba Walker
91%
2017-18 CHO 22.1 Kemba Walker
91%
2018-19 CHO 25.6 Kemba Walker
91%
2019-20 BOS 20.4 Kemba Walker
91%
2017-18 MIL 20.1 Khris Middleton
91%
2019-20 MIL 20.9 Khris Middleton
91%
2020-21 MIL 20.4 Khris Middleton
91%
2021-22 MIL 20.1 Khris Middleton
91%
2015-16 TOR 21.2 Kyle Lowry
91%
2016-17 TOR 22.3 Kyle Lowry
91%
2019-20 TOR 22.9 Pascal Siakam
91%
2020-21 TOR 21.4 Pascal Siakam
91%
2021-22 TOR 22.8 Pascal Siakam
91%
2022-23 TOR 24.2 Pascal Siakam
91%
2023-24 TOR/IND 21.7 Pascal Siakam
91%
2024-25 IND 20.2 Pascal Siakam
91%
2018-19 CHI 22.9 Zach LaVine
91%
2019-20 CHI 25.5 Zach LaVine
91%
2020-21 CHI 27.4 Zach LaVine
91%
2021-22 CHI 24.4 Zach LaVine
91%
2022-23 CHI 24.8 Zach LaVine
91%
2024-25 CHI/SAC 23.3 Zach LaVine
91%
2018-19 NOP 21.3 Julius Randle
89%
2020-21 NYK 24.1 Julius Randle
89%
2021-22 NYK 20.1 Julius Randle
89%
2022-23 NYK 25.1 Julius Randle
89%
2023-24 NYK 24.0 Julius Randle
89%
2023-24 SAS 21.4 Victor Wembanyama
88%
2024-25 SAS 24.3 Victor Wembanyama
88%
2024-25 CHI 20.4 Coby White
87%
2010-11 MIN 20.2 Kevin Love
87%
2011-12 MIN 26.0 Kevin Love
87%
2013-14 MIN 26.1 Kevin Love
87%
2021-22 CHO 20.2 Miles Bridges
87%
2023-24 CHO 21.0 Miles Bridges
87%
2024-25 CHO 20.3 Miles Bridges
87%
2010-11 ORL 22.9 Dwight Howard
85%
2011-12 ORL 20.6 Dwight Howard
85%
2016-17 WAS 23.0 John Wall
85%
2022-23 GSW 20.4 Jordan Poole
85%
2024-25 WAS 20.5 Jordan Poole
85%
2022-23 UTA 25.6 Lauri Markkanen
85%
2023-24 UTA 23.2 Lauri Markkanen
85%
2022-23 PHO/BRK 20.1 Mikal Bridges
85%
2020-21 IND 20.3 Domantas Sabonis
84%
2022-23 SAS 22.0 Keldon Johnson
83%
2013-14 POR 23.2 LeMarcus Aldridge
83%
2014-15 POR 23.4 LeMarcus Aldridge
83%
2012-13 SAS 20.3 Tony Parker
83%
2015-16 MIN 20.7 Andrew Wiggins
81%
2016-17 MIN 23.2 Andrew Wiggins
81%
2019-20 MIN/GSW 21.8 Andrew Wiggins
81%
2024-25 LAL 20.2 Austin Reaves
81%
2016-17 MIL 20.1 Jabari Parker
81%
2010-11 POR 21.8 LaMarcus Aldridge
81%
2011-12 POR 21.7 LaMarcus Aldridge
81%
2012-13 POR 21.1 LaMarcus Aldridge
81%
2017-18 SAS 23.1 LaMarcus Aldridge
81%
2018-19 SAS 21.2 LaMarcus Aldridge
81%
2023-24 HOU 21.1 Alperen Sengun
80%
2022-23 MIA 20.4 Bam Adebayo
80%
2022-23 POR 21.1 Anfernee Simons
79%
2023-24 POR 22.6 Anfernee Simons
79%
2024-25 ORL 24.2 Franz Wagner
79%
2016-17 MEM 20.5 Mike Conley
79%
2018-19 MEM 21.1 Mike Conley
79%
2018-19 BRK 21.0 D'Angelo Russell
77%
2019-20 GSW/MIN 23.1 D'Angelo Russell
77%
2022-23 MEM 21.5 Desmond Bane
77%
2023-24 MEM 23.7 Desmond Bane
77%
2010-11 NYK 25.3 Amar'e Stoudemire
76%
2010-11 NJN 20.4 Brook Lopez
75%
2015-16 BRK 20.6 Brook Lopez
75%
2016-17 BRK 20.5 Brook Lopez
75%
2021-22 TOR 20.3 Fred VanVleet
75%
2022-23 WAS 21.2 Kyle Kuzma
75%
2023-24 WAS 22.2 Kyle Kuzma
75%
2021-22 NYK 20.0 RJ Barrett
75%
2023-24 NYK/TOR 20.2 RJ Barrett
75%
2024-25 TOR 21.1 RJ Barrett
75%
2024-25 LAC 21.8 Norman Powell
73%
2010-11 GSW 24.1 Monta Ellis
72%
2011-12 GSW/MIL 20.4 Monta Ellis
72%
2018-19 ORL 20.7 Nikola Vucevic
72%
2020-21 ORL/CHI 23.4 Nikola Vucevic
72%
2010-11 MEM 20.1 Zach Randolph
72%
2017-18 IND 23.1 Victor Oladipo
69%
2019-20 CLE 20.8 Collin Sexton
68%
2020-21 CLE 24.3 Collin Sexton
68%
2018-19 NOP 21.1 Jrue Holiday
67%
2018-19 LAC/PHI 20.0 Tobias Harris
67%
2016-17 UTA 21.6 Gordon Hayward
64%
2010-11 LAC 22.3 Eric Gordon
63%
2020-21 DET 22.3 Jerami Grant
63%
2022-23 POR 20.5 Jerami Grant
63%
2023-24 POR 21.0 Jerami Grant
63%
2010-11 IND 20.5 Danny Granger
60%
2013-14 CHA 21.8 Al Jefferson
56%
2013-14 PHO 20.3 Goran Dragic
56%
2016-17 MIA 20.3 Goran Dragic
56%
2024-25 NOP 21.2 Trey Murphy III
56%
2019-20 ATL 21.6 John Collins
55%
2011-12 GSW 20.1 David Lee
52%
2019-20 UTA 20.2 Bojan Bogdanovic
47%
2022-23 DET 21.6 Bojan Bogdanovic
47%
2013-14 TOR/SAC 20.0 Rudy Gay
45%
2014-15 SAC 21.1 Rudy Gay
45%
2022-23 UTA 20.8 Jordan Clarkson
43%
2020-21 CHO 20.4 Terry Rozier
43%
2022-23 CHO 21.1 Terry Rozier
43%
2018-19 SAC 20.7 Buddy Hield
41%
2016-17 PHO 20.5 Eric Bledsoe
39%
2019-20 BRK 20.6 Spencer Dinwiddie
33%
2020-21 IND 21.2 Malcolm Brogdon
32%
2010-11 HOU 23.5 Kevin Martin
31%
2014-15 MIN 20.0 Kevin Martin
31%
2020-21 BRK/IND 20.2 Caris LeVert
29%
2010-11 TOR 21.4 Andrea Bargnani
25%
2020-21 HOU 21.0 Christian Wood
20%
2022-23 CHO 20.3 Kelly Oubre Jr.
19%
No matching quizzes found
Score Distribution
Percent of People with Each Score
Percentile by Number Answered
Your Score History
You have not taken this quiz